| 000 | 00626nam a22002057a 4500 | ||
|---|---|---|---|
| 999 |
_c9214 _d9214 |
||
| 003 | AR-CdUCM | ||
| 008 | 190327b ||||| |||| 00| 0 spa d | ||
| 040 |
_aMUNICIPALIDAD PROVINCIAL DEL CUSCO _cBIBLIOTECA MUNICIPAL DEL CUSCO |
||
| 082 |
_a866.4 / _bD97 |
||
| 100 |
_aDurán Böger, Luciano _925280 |
||
| 245 | _aEn las tierras de enin / | ||
| 260 |
_aLa Paz : _bNovedades, _c1967. |
||
| 300 |
_a433 páginas ; _c22 cm. |
||
| 505 | _aContenido : La bestia blanca -- La santa cruz ... | ||
| 650 |
_aLiteratura _983 |
||
| 650 |
_aBoliviana _925281 |
||
| 650 |
_aLatinoamericana _95799 |
||
| 942 |
_2ddc _cLIBROS |
||
| 945 | _arah | ||